ნორმალური ფორმატი
MARC ფორმატი
ჩანაწერი Corporate Name
ჩანაწერთა რაოდენობა, რომელიც გამოყენებულია: 1
001 - CONTROL NUMBER
- control field: 4795
003 - CONTROL NUMBER IDENTIFIER
- control field: GE_BSU
005 - DATE AND TIME OF LATEST TRANSACTION
- control field: 20191017114659.0
008 - FIXED-LENGTH DATA ELEMENTS
- fixed length control field: 191017|| aca||aabn | a|a d
040 ## - CATALOGING SOURCE
- Original cataloging agency: GE_BSU
- Transcribing agency: GE_BSU
110 ## - HEADING--CORPORATE NAME
- Corporate name or jurisdiction name as entry element:
- Relator term: ქართული, გერმანული და საერთაშორისო სისხლის სამართლის ინ-ტის ბიბ-კა.
670 ## - SOURCE DATA FOUND
- Source citation: Work cat.: (GE_BSU): ჯიშკარიანი, ბაჩანა. 4792, ევროპული სისხლის სამართალი = Europäisches Strafrecht /
